[Event "Championnat de ligue 2015"]
[Site "?"]
[Date "2015.05.01"]
[Round "1.1"]
[White "LEMOINE, Jean-Claude"]
[Black "VIARD, Dominique"]
[Result "1-0"]
[WhiteElo "1510"]
[BlackElo "1977"]
[PlyCount "56"]
[SourceDate "2015.05.05"]

1. Nf3 Nf6 2. d4 d5 3. e3 c6 4. Bd3 Bg4 5. Nbd2 Nbd7 6. c3 e5 7. Be2 e4 8. Ne5
Bxe2 9. Qxe2 Nxe5 10. dxe5 Nd7 11. f4 exf3 12. Nxf3 Qc7 13. e6 fxe6 14. Ng5 Qe5
15. Qg4 Qf5 16. Qg3 Be7 17. Nf3 O-O 18. Qc7 e5 19. O-O Bc5 20. b4 Bb6 21. Qxb7
e4 22. Qxc6 Rac8 23. Qb5 exf3 24. Rxf3 Qe6 25. Rg3 Ne5 26. Bd2 Nc4 27. Rd1 Nxd2
28. Rxd2 Bxe3+ 1-0

[Event "championnat de ligue 2015"]
[Site "?"]
[Date "2015.05.01"]
[Round "1.2"]
[White "MORET, Florian"]
[Black "ILIC, Zika"]
[Result "1-0"]
[WhiteElo "1948"]
[BlackElo "1490"]
[PlyCount "67"]
[EventDate "2015.??.??"]

1. e4 Nc6 2. d4 e6 3. Nf3 b6 4. Bf4 Bb7 5. Bd3 d5 6. e5 g6 7. c3 f6 8. exf6
Qxf6 9. Bxc7 Bg7 10. O-O Qe7 11. Bf4 Bh6 12. Bxh6 Nxh6 13. Re1 O-O-O 14. Qe2
Rd6 15. Nbd2 Qf6 16. Ne5 Rf8 17. Ndf3 Kb8 18. Nxc6+ Bxc6 19. Ne5 Bb7 20. a4 a5
21. b4 axb4 22. cxb4 Nf5 23. Qb2 Bc8 24. a5 Nh4 25. axb6 Rxb6 26. Qa2 Kc7 27.
Qa7+ Rb7 28. Rec1+ Kd8 29. Rxc8+ Kxc8 30. Rc1+ Kd8 31. Qa8+ Ke7 32. Qxb7+ Ke8
33. Rc8+ Qd8 34. Qd7# 1-0

[Event "Championnat de ligue 2015"]
[Site "?"]
[Date "2015.05.01"]
[Round "1.3"]
[White "LAURAIN, Hery-Dominic"]
[Black "MASERA, Michel"]
[Result "0-1"]
[WhiteElo "1417"]
[BlackElo "1863"]
[PlyCount "42"]

1. Nf3 c5 2. e3 Nf6 3. b3 g6 4. Bb2 Bg7 5. Be2 O-O 6. O-O Nc6 7. c4 Re8 8. d4
cxd4 9. Nxd4 e5 10. Nxc6 bxc6 11. Nc3 d5 12. cxd5 cxd5 13. Bb5 Bd7 14. Rc1 Bxb5
15. Nxb5 Re7 16. f4 exf4 17. exf4 Qb6+ 18. Nd4 Nh5 19. Kh1 Re4 20. Rc6 Rxd4 21.
Qc1 Rc4 0-1

[Event "championnat de ligue 2015"]
[Site "?"]
[Date "2015.05.01"]
[Round "1.4"]
[White "BOURNIQUE, Bruno"]
[Black "FISTER, Bernad"]
[Result "1-0"]
[WhiteElo "1868"]
[BlackElo "1370"]
[PlyCount "63"]
[EventDate "2015.??.??"]

1. e4 b6 2. d4 Bb7 3. Bd3 e6 4. Nf3 Nf6 5. Qe2 d6 6. O-O Be7 7. c4 c6 8. Nc3
O-O 9. Be3 Nbd7 10. e5 dxe5 11. dxe5 Ne8 12. Rfe1 Nc5 13. Bc2 Nc7 14. b4 N5a6
15. a3 Rc8 16. Ne4 c5 17. b5 Nb8 18. Rad1 Qe8 19. Nd6 Bxd6 20. exd6 Na8 21. Qd3
f5 22. d7 Nxd7 23. Qxd7 Bxf3 24. Qxe8 Rcxe8 25. gxf3 Re7 26. Bg5 Ref7 27. Bf4
g5 28. Be5 Re8 29. Rd6 Nc7 30. Red1 Kf8 31. Rd7 Ree7 32. Bd6 1-0

[Event "championnat de ligue 2015"]
[Site "?"]
[Date "2015.05.01"]
[Round "1.5"]
[White "BINEAU, Rémi"]
[Black "PARISOT, Anthony"]
[Result "1/2-1/2"]
[WhiteElo "1260"]
[BlackElo "1808"]
[PlyCount "51"]

1. e4 c5 2. d4 cxd4 3. Qxd4 Nc6 4. Qe3 d6 5. Nf3 g6 6. Bb5 Bg7 7. Nc3 Bd7 8.
O-O Nf6 9. e5 Ng4 10. Qg5 Ngxe5 11. Bxc6 Nxf3+ 12. Bxf3 O-O 13. Bxb7 Rb8 14.
Ba6 Bf6 15. Qe3 Bc6 16. Qd3 Qa5 17. Bc4 Rfd8 18. Bb3 e6 19. Bf4 Rb7 20. Ne4
Bxe4 21. Qxe4 d5 22. Qf3 Bxb2 23. Rab1 Bg7 24. c4 Rbd7 25. Rfd1 d4 26. Rd3
1/2-1/2

[Event "championnat de ligue 2015"]
[Site "?"]
[Date "2015.05.01"]
[Round "1.6"]
[White "JEANDARD, Christian"]
[Black "BARBIER, Alexandre"]
[Result "1-0"]
[WhiteElo "1570"]
[BlackElo "1310"]
[PlyCount "69"]

1. e4 e6 2. d4 d5 3. exd5 exd5 4. Nf3 Bd6 5. c4 Nf6 6. c5 Be7 7. Bd3 O-O 8. O-O
Bg4 9. Bf4 Nc6 10. Be2 Ne4 11. Nc3 Re8 12. Qb3 Nxc3 13. Qxc3 Bf6 14. Be3 Bxf3
15. Bxf3 Bg5 16. Rfe1 Bxe3 17. Rxe3 Qg5 18. Rae1 Kf8 19. Qd2 Rxe3 20. Rxe3 Qf5
21. a3 Re8 22. h3 b6 23. Bg4 Qf6 24. Bd7 Rd8 25. Qe1 Ne7 26. c6 g6 27. Qc3 Nf5
28. Bxf5 Qxf5 29. Re5 Qf6 30. Re1 Rd6 31. Rc1 Re6 32. Re1 Rxc6 33. Qd2 Qf5 34.
Qh6+ Kg8 35. Re8# 1-0

[Event "championnat de ligue 2015"]
[Site "?"]
[Date "2015.05.01"]
[Round "1.7"]
[White "LACHENAL, Alex"]
[Black "AKREMANN, Jordan"]
[Result "0-1"]
[WhiteElo "1170"]
[BlackElo "1500"]
[PlyCount "62"]

1. Nf3 Nc6 2. e4 e5 3. b3 Bc5 4. Bb2 d6 5. Bb5 Nge7 6. d4 exd4 7. Bxd4 O-O 8.
Bxc5 dxc5 9. O-O Bg4 10. Qxd8 Raxd8 11. Nfd2 Nb4 12. Bd3 Nxd3 13. cxd3 Rxd3 14.
Nc4 Nc6 15. e5 b5 16. Nb2 Rd5 17. Nc3 Rxe5 18. Nxb5 Be2 19. Nc4 Bxf1 20. Nxe5
Bxb5 21. a4 Bxa4 22. Rxa4 Nxe5 23. Rxa7 c6 24. Rb7 c4 25. bxc4 Nxc4 26. Rc7 Ra8
27. g3 Na5 28. Re7 Rc8 29. Kf1 c5 30. Re5 Nb3 31. Ke2 c4 0-1

[Event "championnat de ligue 2015"]
[Site "?"]
[Date "2015.05.01"]
[Round "2.1"]
[White "VIARD, Dominique"]
[Black "BOURNIQUE, Bruno"]
[Result "0-1"]
[WhiteElo "1977"]
[BlackElo "1868"]
[PlyCount "92"]
[SourceDate "2015.05.06"]

1. Nf3 Nf6 2. d4 c5 3. c3 d5 4. dxc5 a5 5. Na3 e6 6. Bf4 Bxc5 7. Nb5 Na6 8. e3
O-O 9. Bd3 Bd7 10. Nbd4 Be7 11. Ne5 Nc5 12. Bc2 a4 13. g4 a3 14. b3 Nce4 15. g5
Nxc3 16. Qd3 Nfe4 17. f3 Rc8 18. Nxd7 Qxd7 19. fxe4 Nxe4 20. Rg1 Rc3 21. Qe2
Rfc8 22. Bxe4 dxe4 23. Rd1 Bb4 24. Kf2 Qe7 25. Qb5 R3c5 26. Qxb4 e5 27. Ne2
exf4 28. exf4 e3+ 29. Kf3 Re8 30. Rc1 b6 31. Rxc5 bxc5 32. Qc4 Qb7+ 33. Kg3 h5
34. gxh6 Re6 35. f5 Rxh6 36. Qxc5 Qe4 37. Nf4 Rc6 38. Qd5 Qc2 39. Rg2 Qc3 40.
Qd3 Qf6 41. Nd5 Qe5+ 42. Kh3 Rh6+ 43. Kg4 Rd6 44. Re2 Rxd5 45. Rxe3 Rd4+ 46.
Kg5 Qf6+ 0-1

[Event "championnat de ligue 2015"]
[Site "?"]
[Date "2015.05.01"]
[Round "2.2"]
[White "AKREMANN, Jordan"]
[Black "MORET, Florian"]
[Result "0-1"]
[WhiteElo "1500"]
[BlackElo "1948"]
[PlyCount "54"]

1. e4 e5 2. Nf3 Nc6 3. Bb5 a6 4. Ba4 Nf6 5. O-O Be7 6. Re1 b5 7. Bb3 O-O 8. d4
exd4 9. Nxd4 Na5 10. Nf5 d6 11. Nxe7+ Qxe7 12. Bg5 Bb7 13. Nc3 Qe5 14. f4 Qc5+
15. Kh1 Nxb3 16. axb3 Ne8 17. Be7 Nf6 18. Bxf6 gxf6 19. Qg4+ Kh8 20. Qh4 Rg8
21. Qxf6+ Rg7 22. Rac1 b4 23. Na4 Qf2 24. g3 Bxe4+ 25. Rxe4 Qf3+ 26. Kg1 Qxe4
27. c3 Qe3+ 0-1

[Event "championnat de ligue 2015"]
[Site "?"]
[Date "2015.05.01"]
[Round "2.3"]
[White "MASERA, Michel"]
[Black "LEMOINE, Victor"]
[Result "1-0"]
[WhiteElo "1863"]
[BlackElo "1390"]
[PlyCount "75"]

1. d4 Nf6 2. c4 d5 3. cxd5 Nxd5 4. Nf3 g6 5. e4 Nb6 6. h3 Bg7 7. Bf4 Nc6 8. Bb5
Bd7 9. Nc3 a6 10. Be2 O-O 11. O-O e6 12. Rc1 Rc8 13. Qd2 Ne7 14. Bh6 Re8 15.
Bxg7 Kxg7 16. Rfd1 Bc6 17. Ne5 Kg8 18. Qf4 Rf8 19. Nxc6 Nxc6 20. d5 exd5 21.
Bg4 Ra8 22. Nxd5 Nxd5 23. Rxd5 Qb8 24. Rd7 Qa7 25. Qxc7 Rac8 26. Qxb7 Qxb7 27.
Rxb7 Rb8 28. Rxb8 Nxb8 29. Rc7 Re8 30. f4 Kg7 31. e5 Rf8 32. a4 a5 33. Rc5 h5
34. Bf3 f6 35. Rxa5 fxe5 36. fxe5 Rf4 37. Ra8 Nd7 38. Ra7 1-0

[Event "championnat de ligue 2015"]
[Site "?"]
[Date "2015.05.01"]
[Round "2.4"]
[White "PARISOT, Anthony"]
[Black "JEANDARD, Christian"]
[Result "1-0"]
[WhiteElo "1808"]
[BlackElo "1570"]
[PlyCount "59"]

1. Nf3 Nc6 2. d4 d5 3. c4 dxc4 4. Nc3 e6 5. e4 Nf6 6. Bg5 Be7 7. Bxc4 a6 8. O-O
b5 9. Bb3 b4 10. Bxf6 Bxf6 11. Ne2 O-O 12. Rc1 Bb7 13. Qd3 g6 14. Rfd1 Ne7 15.
Ng3 Rc8 16. Qc4 Nc6 17. Ba4 Na7 18. Qxb4 Rb8 19. Qc5 Nb5 20. Bxb5 axb5 21. Qxc7
Qe8 22. Ne5 Bxe5 23. Qxe5 b4 24. Rc7 Qa4 25. Rdc1 Ba6 26. d5 exd5 27. exd5 Qa5
28. Ne4 Qxa2 29. Nf6+ Kh8 30. Nh5+ 1-0

[Event "championnat de ligue 2015"]
[Site "?"]
[Date "2015.05.01"]
[Round "2.5"]
[White "ILIC, Zika"]
[Black "BINEAU, Remi"]
[Result "1-0"]
[WhiteElo "1490"]
[BlackElo "1260"]
[PlyCount "33"]

1. e4 e5 2. Nf3 f5 3. Nxe5 Qf6 4. d4 d6 5. Nc4 fxe4 6. c3 d5 7. Qh5+ Qg6 8.
Qxd5 Nf6 9. Qe5+ Be7 10. Qxc7 Nc6 11. Ne5 Nxe5 12. Qxe5 Nd7 13. Qg3 Qf7 14. Nd2
O-O 15. Bc4 Bd6 16. Qxd6 Qxc4 17. Nxc4 1-0

[Event "Championnat de ligue 2015"]
[Site "?"]
[Date "2015.05.01"]
[Round "2.6"]
[White "FISTER, Bernard"]
[Black "LEMOINE, Jean-Claude"]
[Result "1-0"]
[WhiteElo "1370"]
[BlackElo "1510"]
[PlyCount "103"]

1. f4 d5 2. Nf3 Nf6 3. e3 Bg4 4. b3 Nbd7 5. Bb2 c6 6. Be2 Qc7 7. h3 Bf5 8. O-O
Ne4 9. d3 Ng3 10. Rf2 e6 11. Nbd2 O-O-O 12. c4 Nc5 13. d4 Nd3 14. Bxd3 Bxd3 15.
cxd5 exd5 16. Ne5 Bf5 17. a3 f6 18. Nef3 Bd6 19. Nh4 Qd7 20. Nxf5 Qxf5 21. Qf3
Qg6 22. b4 a6 23. Rc1 h5 24. f5 Qf7 25. Nf1 Ne4 26. Rfc2 Bb8 27. a4 Nd6 28. Nd2
Qc7 29. Rc5 Nc4 30. Nxc4 Qh2+ 31. Kf2 dxc4 32. b5 h4 33. bxc6 Bg3+ 34. Ke2 b6
35. R5xc4 Rde8 36. R1c3 Qg1 37. Qf1 Qh2 38. d5 Be5 39. Rb3 Bxb2 40. Rcb4 Bd4
41. Rxd4 Qd6 42. Qf4 Re5 43. Rxb6 a5 44. Rb5 Rhe8 45. Rb3 Qc5 46. Rd2 Re4 47.
Qf3 Qc4+ 48. Rbd3 Qxa4 49. d6 R8e5 50. c7 Qd7 51. Rb3 Rb4 52. Qa8+ 1-0

[Event "championnat de ligue 2015"]
[Site "?"]
[Date "2015.05.01"]
[Round "2.7"]
[White "BARBIER, Alexandre"]
[Black "LAURAIN, Héry-Dominic"]
[Result "0-1"]
[WhiteElo "1310"]
[BlackElo "1417"]
[PlyCount "80"]

1. e4 e5 2. Nf3 Nf6 3. Nxe5 d6 4. Nf3 Nxe4 5. d3 Nf6 6. Nc3 Be7 7. g3 Nc6 8.
Bg2 Bg4 9. O-O Qd7 10. Re1 O-O-O 11. Be3 Kb8 12. Qd2 h6 13. Nd4 Nxd4 14. Bxd4
Rhe8 15. a4 a6 16. Nb5 c5 17. Be3 axb5 18. axb5 Qxb5 19. c4 Qb4 20. Qxb4 cxb4
21. Ra7 d5 22. Bb6 Nd7 23. Bxd8 Rxd8 24. Rea1 Bc5 25. Ra8+ Kc7 26. R8a5 dxc4
27. dxc4 Be6 28. b3 g5 29. Rb5 b6 30. Ra7+ Kd6 31. Kf1 Ne5 32. Ke2 Nxc4 33.
Rxc5 Kxc5 34. bxc4 Bxc4+ 35. Ke1 b3 36. Ra1 Kb4 37. Rd1 Rxd1+ 38. Kxd1 Kc3 39.
Be4 b2 40. Bb1 Bd3 0-1

[Event "championnat de ligue 2015"]
[Site "?"]
[Date "2015.05.02"]
[Round "3.1"]
[White "MORET, Florian"]
[Black "MASERA, Michel"]
[Result "1-0"]
[WhiteElo "1948"]
[BlackElo "1863"]
[PlyCount "95"]
[SourceDate "2015.05.07"]

1. e4 c5 2. Nc3 Nc6 3. f4 g6 4. Nf3 Bg7 5. Bb5 Nd4 6. O-O Nxb5 7. Nxb5 d5 8.
exd5 a6 9. Nc3 Nf6 10. Qe2 Nxd5 11. Nxd5 Qxd5 12. Re1 e6 13. d3 O-O 14. c3 Rd8
15. Rd1 b5 16. Be3 Bb7 17. Qf2 Rac8 18. d4 b4 19. Rd2 bxc3 20. bxc3 Qc4 21.
dxc5 Rxd2 22. Nxd2 Qxc3 23. Nb3 Qd3 24. Rc1 Rd8 25. c6 Bc8 26. c7 Qd1+ 27. Rxd1
Rxd1+ 28. Qf1 Rxf1+ 29. Kxf1 Bf8 30. Na5 Bd6 31. Nc6 Bd7 32. Bb6 Kf8 33. Na7
Bxc7 34. Bxc7 Ke7 35. Ke2 Ba4 36. Kd3 Kd7 37. Bb6 Bd1 38. Kd4 Bc2 39. Ke5 f5
40. a3 Be4 41. g3 Bb7 42. h4 Ke7 43. Bc5+ Kf7 44. Kd6 h5 45. Nc6 Bxc6 46. Kxc6
g5 47. hxg5 e5 48. fxe5 1-0

[Event "championnat de ligue 2015"]
[Site "?"]
[Date "2015.05.02"]
[Round "3.2"]
[White "BOURNIQUE, Bruno"]
[Black "PARISOT, Anthony"]
[Result "1-0"]
[WhiteElo "1868"]
[BlackElo "1808"]
[PlyCount "107"]

1. e4 c5 2. Nf3 d6 3. d4 cxd4 4. Nxd4 Nf6 5. Nc3 Nc6 6. Be2 e5 7. Nb3 Be7 8.
O-O O-O 9. Kh1 a5 10. a4 Nb4 11. f4 b6 12. Bf3 Bb7 13. Re1 Qc7 14. Be3 Rab8 15.
Rc1 Bc6 16. Qe2 Qb7 17. Bd2 Rfd8 18. Nb5 Na6 19. Nc3 Nb4 20. Nb5 Na6 21. c4 Nd7
22. Rb1 Nac5 23. Nxc5 Nxc5 24. b3 Bf6 25. f5 Bh4 26. g3 Be7 27. Nc3 g6 28. g4
Bh4 29. Red1 Qe7 30. Be3 Bg5 31. Nd5 Bxd5 32. Rxd5 Bxe3 33. Qxe3 Rb7 34. Rg1 g5
35. Rb1 f6 36. Bd1 Na6 37. Be2 Nb4 38. Rd2 Nc6 39. c5 dxc5 40. Bc4+ Kg7 41. Bd5
Rc7 42. Rbd1 Nd4 43. h4 h6 44. Rh2 Rcc8 45. Kg2 Rh8 46. Rdh1 Rcf8 47. Qd3 Qc7
48. hxg5 hxg5 49. Rh5 Qd8 50. Qa6 Qc7 51. Rxh8 Rxh8 52. Rxh8 Kxh8 53. Qa8+ Kg7
54. Qg8+ 1-0

[Event "championnat de ligue 2015"]
[Site "?"]
[Date "2015.05.02"]
[Round "3.3"]
[White "LAURAIN, Héry-Dominic"]
[Black "VIARD, Dominique"]
[Result "1-0"]
[WhiteElo "1417"]
[BlackElo "1977"]
[PlyCount "136"]

1. Nf3 Nf6 2. e3 d5 3. c4 c6 4. b3 Bg4 5. Bb2 e6 6. h3 Bh5 7. Be2 Be7 8. Nc3
Nbd7 9. Rc1 O-O 10. O-O a6 11. d3 Qa5 12. a4 Rfd8 13. cxd5 Nxd5 14. e4 Nf4 15.
Re1 Nc5 16. Ba3 Bxf3 17. Bxf3 Rxd3 18. Qc2 Bf6 19. e5 Bg5 20. b4 Qd8 21. Rcd1
Rxd1 22. Rxd1 Ncd3 23. Be4 Qd4 24. Bxd3 Qxe5 25. Bxh7+ Kh8 26. Be4 Bf6 27. Bb2
Qg5 28. g3 Nxh3+ 29. Kg2 Nf4+ 30. Kf1 Nh5 31. Bf3 Kg8 32. Bxh5 Qxh5 33. Kg2 Qe5
34. Rh1 Rd8 35. Ba1 Rd4 36. Ne2 Qd5+ 37. f3 Rd2 38. Qh7+ Kf8 39. Kf2 Bxa1 40.
Ke3 Bf6 41. Qe4 Qxe4+ 42. fxe4 Rb2 43. b5 Rb3+ 44. Kd2 axb5 45. axb5 Rxb5 46.
Kd3 Ke7 47. Kc4 Rb2 48. Nf4 b5+ 49. Kd3 Rb3+ 50. Ke2 Rxg3 51. Nh5 Ra3 52. Rc1
Kd6 53. Rd1+ Ke5 54. Rc1 Ra6 55. Kd3 Kd6 56. Rf1 Ra3+ 57. Kc2 b4 58. Nxf6 gxf6
59. Rxf6 Ra7 60. Kb3 c5 61. Rf1 Ra3+ 62. Kc4 Kc6 63. Rc1 Rc3+ 64. Rxc3 bxc3 65.
Kxc3 Kb5 66. e5 c4 67. Kc2 Kc5 68. Kc3 Kd5 1-0

[Event "championnat de ligue 2015"]
[Site "?"]
[Date "2015.05.02"]
[Round "3.4"]
[White "JEANDARD, Christian"]
[Black "FISTER, Bernard"]
[Result "0-1"]
[WhiteElo "1570"]
[BlackElo "1370"]
[PlyCount "152"]

1. e4 b6 2. d4 Bb7 3. Nc3 e6 4. a3 Nf6 5. Qd3 Ba6 6. Qf3 c6 7. Bxa6 Nxa6 8.
Nge2 b5 9. b4 Nc7 10. O-O a5 11. bxa5 Rxa5 12. e5 Nfd5 13. Nxd5 Nxd5 14. Bb2
Be7 15. Rfc1 Bg5 16. Rcb1 O-O 17. Nc3 Nb6 18. Ne4 Nc4 19. Bc3 Ra4 20. Bb4 Be7
21. c3 Bxb4 22. axb4 Qa8 23. Qd1 Nb6 24. Nc5 Rxa1 25. Rxa1 Qb8 26. Ra6 Rd8 27.
Qa1 d6 28. exd6 Rxd6 29. Qe1 Rd5 30. Nd3 Qb7 31. Ra2 Nc4 32. Qa1 Rd8 33. Ra7
Qc8 34. h3 h6 35. Qe1 Qb8 36. Ra6 Qc7 37. Qe4 Rc8 38. Nc5 Nb6 39. Qe1 Nd5 40.
Qa1 Qf4 41. Ra8 Qc7 42. Ra7 Qd8 43. Nb7 Qg5 44. Nd6 Nf4 45. Qf1 Nxh3+ 46. Kh1
Rf8 47. gxh3 Qd5+ 48. Qg2 Qxd6 49. Ra6 Rc8 50. Qf3 Qd5 51. Qxd5 cxd5 52. Ra3
Kh7 53. Kg2 Kg6 54. Kg3 Kf5 55. f3 g5 56. Ra7 f6 57. Ra3 h5 58. Rb3 h4+ 59. Kf2
Kf4 60. Ra3 e5 61. dxe5 fxe5 62. Ra6 e4 63. fxe4 dxe4 64. Ra3 Rd8 65. Ra2 Rd3
66. Rc2 Rxh3 67. Kg1 e3 68. c4 Rg3+ 69. Kh2 bxc4 70. Rxc4+ Kf3 71. Rc3 Rg2+ 72.
Kh1 Rb2 73. Rc1 Kf2 74. Kh2 e2 75. Rg1 e1=Q 76. Rg2+ Kf3 0-1

[Event "championnat de ligue 2015"]
[Site "?"]
[Date "2015.05.02"]
[Round "3.5"]
[White "LEMOINE, Victor"]
[Black "AKREMANN, Jordan"]
[Result "0-1"]
[WhiteElo "1390"]
[BlackElo "1500"]
[PlyCount "58"]

1. Nf3 g6 2. g3 Nf6 3. Bg2 Bg7 4. d4 O-O 5. Nc3 e6 6. Bg5 Qe8 7. O-O c6 8. e3
d5 9. Re1 Nbd7 10. Qd2 Ne4 11. Qd3 Nxg5 12. Nxg5 e5 13. Qd2 e4 14. Bh3 h6 15.
Nxf7 Rxf7 16. Ne2 Nf6 17. Bxc8 Qxc8 18. Nf4 Qg4 19. Qb4 Bf8 20. Qc3 g5 21. Ng6
Rg7 22. Ne5 Qh3 23. a3 Bd6 24. Re2 Bxe5 25. dxe5 Ng4 26. f3 exf3 27. Rd2 f2+
28. Rxf2 Nxf2 29. Kxf2 Qxh2+ 0-1

[Event "championnat de ligue 2015"]
[Site "?"]
[Date "2015.05.02"]
[Round "3.6"]
[White "ILIC, Zika"]
[Black "LACHENAL, Alex"]
[Result "1-0"]
[WhiteElo "1490"]
[BlackElo "1170"]
[PlyCount "83"]

1. d4 d5 2. e3 Nc6 3. Nf3 a6 4. Be2 g6 5. Bd2 Bg7 6. c4 e5 7. cxd5 Qxd5 8. Nc3
Qd6 9. dxe5 Nxe5 10. Qa4+ Qd7 11. Qe4 Qf5 12. O-O Qxe4 13. Nxe4 Nxf3+ 14. Bxf3
Bxb2 15. Rab1 Ba3 16. Bc3 f6 17. Nxf6+ Nxf6 18. Bxf6 Rf8 19. Bg5 Rf5 20. Bf4
Rb5 21. Bxc7 Bf5 22. Rxb5 axb5 23. Bxb7 Ra7 24. Bc6+ Bd7 25. Bxd7+ Kxd7 26. Bb6
Ra6 27. Bd4 Bd6 28. Ra1 b4 29. g3 b3 30. axb3 Rxa1+ 31. Bxa1 Kc6 32. Bc3 Kb5
33. f3 Bc5 34. Kf2 h6 35. f4 Bb6 36. Kf3 Kc6 37. e4 Kd6 38. h4 h5 39. Bb4+ Ke6
40. g4 hxg4+ 41. Kxg4 Bd8 42. Bc3 1-0

[Event "championnat de ligue 2015"]
[Site "?"]
[Date "2015.05.02"]
[Round "3.7"]
[White "BINEAU, Rémi"]
[Black "BARBIER, Alexandre"]
[Result "1-0"]
[WhiteElo "1260"]
[BlackElo "1310"]
[PlyCount "65"]

1. e4 e6 2. Nf3 d5 3. exd5 exd5 4. d4 Nf6 5. Bg5 Be7 6. Bd3 Nc6 7. O-O Bg4 8.
Be2 O-O 9. Ne5 Bxe2 10. Qxe2 Nxd4 11. Qd3 c5 12. c3 Ne6 13. f4 c4 14. Qd2 Nxg5
15. fxg5 Ne4 16. Qe2 Bxg5 17. Rd1 Qb6+ 18. Kf1 Qf6+ 19. Nf3 Rad8 20. Na3 a6 21.
Nxc4 dxc4 22. Qxe4 b5 23. Kg1 Rfe8 24. Qg4 Be3+ 25. Kh1 g6 26. a3 Bf2 27. Rf1
Re2 28. Nd4 Rxb2 29. Rad1 Qb6 30. Qf4 Bxd4 31. Qxf7+ Kh8 32. Rxd4 Rg8 33. Rd7
1-0

[Event "championnat de ligue 2015"]
[Site "?"]
[Date "2015.05.02"]
[Round "4.1"]
[White "BOURNIQUE, Bruno"]
[Black "MORET, Florian"]
[Result "0-1"]
[WhiteElo "1868"]
[BlackElo "1948"]
[PlyCount "144"]

1. e4 e5 2. Nf3 Nc6 3. Bb5 a6 4. Ba4 Nf6 5. Qe2 d6 6. c3 Be7 7. h3 O-O 8. O-O
b5 9. Bc2 Bb7 10. a4 b4 11. a5 Rb8 12. Rd1 Nd7 13. d4 bxc3 14. bxc3 Bf6 15. d5
Ne7 16. Ba3 g6 17. Nbd2 Bg7 18. Bd3 Qc8 19. Rab1 f5 20. Rxb7 Qxb7 21. Ng5 Rf6
22. Bxa6 Qa7 23. Bb4 h6 24. Ne6 Nf8 25. Nxg7 Kxg7 26. Bc4 Nd7 27. Qe3 Qa8 28.
a6 Nb6 29. Be2 fxe4 30. Nxe4 Nbxd5 31. Qd3 Nf4 32. Qc2 Nxe2+ 33. Qxe2 Rf7 34.
Ra1 Qa7 35. Kh2 Nd5 36. Bxd6 cxd6 37. Nxd6 Re7 38. Nb5 Qc5 39. a7 Ra8 40. Ra6
Nc7 41. Nxc7 Qxc7 42. Qe4 Rxa7 43. Qxg6+ Kf8 44. Rf6+ Rf7 45. Qxh6+ Ke7 46. Rc6
Qd7 47. Qg5+ Kf8 48. Qh6+ Ke7 49. Qg5+ Kf8 50. Rb6 Qc7 51. Qh6+ Ke8 52. Re6+
Kd7 53. Qg6 e4+ 54. g3 Rxf2+ 55. Kg1 Ra1+ 56. Kxf2 Qc5+ 57. Ke2 Qc4+ 58. Ke3
Re1+ 59. Kf4 Qxe6 60. Qg7+ Kc6 61. Qh7 Qf6+ 62. Kg4 Kd6 63. Qh5 Rf1 64. c4 Qf5+
65. Qxf5 Rxf5 66. Kxf5 e3 67. h4 e2 68. h5 e1=Q 69. g4 Qe6+ 70. Kg5 Ke5 71. h6
Qf6+ 72. Kh5 Kf4 0-1

[Event "championnat de ligue 2015"]
[Site "?"]
[Date "2015.05.02"]
[Round "4.2"]
[White "VIARD, Dominique"]
[Black "AKREMANN, Jordan"]
[Result "1-0"]
[WhiteElo "1977"]
[BlackElo "1500"]
[PlyCount "83"]

1. Nf3 e6 2. d4 d5 3. c4 Nf6 4. g3 Be7 5. Bg2 Nbd7 6. O-O b6 7. Nc3 Bb7 8. Ne5
c5 9. e3 O-O 10. Bd2 Bd6 11. f4 Rb8 12. Nb5 Bxe5 13. fxe5 Ne4 14. Bxe4 dxe4 15.
Nxa7 f6 16. Qg4 Qe7 17. Qh4 Qe8 18. Nb5 Bc6 19. Nd6 Qg6 20. Bc3 f5 21. Rf4 b5
22. b3 bxc4 23. Nxc4 Bd5 24. Nd6 h6 25. Qe7 cxd4 26. Bxd4 Rbd8 27. Rc1 Nb8 28.
Qc7 Rd7 29. Qb6 Rdd8 30. Rc7 Nd7 31. Qb5 Nb8 32. a4 Qh5 33. b4 Qd1+ 34. Rf1 Qb3
35. a5 Nc6 36. Rxc6 Bxc6 37. Qxc6 Qxb4 38. Qc5 Qb8 39. Qc4 Kh8 40. Qxe6 Rxd6
41. exd6 Qb7 42. Qxh6+ 1-0

[Event "Championnat de ligue 2015"]
[Site "?"]
[Date "2015.05.02"]
[Round "4.3"]
[White "MASERA, Michel"]
[Black "ILIC, Zika"]
[Result "1-0"]
[WhiteElo "1863"]
[BlackElo "1490"]
[PlyCount "59"]

1. d4 d5 2. c4 dxc4 3. e4 Nc6 4. Nf3 Bg4 5. d5 Ne5 6. Bf4 Ng6 7. Bg3 Nf6 8. Nc3
e6 9. Bxc4 exd5 10. Nxd5 Nxd5 11. Bxd5 Bb4+ 12. Kf1 c6 13. Bxf7+ Kxf7 14. Qb3+
Kf6 15. e5+ Ke7 16. Qxb4+ Ke8 17. Qxg4 Qd3+ 18. Kg1 Rd8 19. h3 Rd7 20. Kh2 Qe2
21. Rhe1 Qxb2 22. Rad1 Rc7 23. Qe6+ Ne7 24. Qd6 Rc8 25. Bh4 Ng6 26. Qe6+ Kf8
27. Qxc8+ Kf7 28. Rd7+ Ke6 29. Rd8+ Kf7 30. Qd7+ 1-0

[Event "championnat de ligue 2015"]
[Site "?"]
[Date "2015.05.02"]
[Round "4.4"]
[White "FISTER, Bernard"]
[Black "BINEAU, Rémi"]
[Result "1-0"]
[WhiteElo "1370"]
[BlackElo "1260"]
[PlyCount "69"]

1. f4 e6 2. Nf3 Nc6 3. e3 b6 4. d3 Bb7 5. Be2 f5 6. Nc3 Nf6 7. h3 Nd5 8. Nxd5
exd5 9. c3 b5 10. Bd2 Be7 11. Qc2 Bh4+ 12. Kd1 O-O 13. g4 Be7 14. d4 a6 15. Bd3
h6 16. Bxf5 Bd6 17. h4 Ne7 18. Bd3 c5 19. Be2 Rc8 20. h5 Rf6 21. g5 hxg5 22.
Nxg5 cxd4 23. Qh7+ Kf8 24. Qh8+ Ng8 25. Nh7+ Kf7 26. Nxf6 Qxf6 27. Qh7 Qh6 28.
Qxh6 gxh6 29. exd4 Rf8 30. Bd3 Ke7 31. f5 Bg3 32. Kc2 Bc8 33. Be1 Bf4 34. Bh4+
Kf7 35. Raf1 1-0

[Event "championnat de ligue 2015"]
[Site "?"]
[Date "2015.05.02"]
[Round "4.5"]
[White "PARISOT, Anthony"]
[Black "LAURAIN, Hery-Dominic"]
[Result "1-0"]
[WhiteElo "1808"]
[BlackElo "1417"]
[PlyCount "131"]

1. Nf3 b6 2. g3 Bb7 3. Bg2 d5 4. d4 Nf6 5. O-O e6 6. c4 c5 7. cxd5 Nxd5 8. Ne5
cxd4 9. Qa4+ Nd7 10. Rd1 a6 11. Nxd7 b5 12. Qxd4 Qxd7 13. Nc3 Rd8 14. Qe5 Qd6
15. Qg5 Qe7 16. Nxd5 exd5 17. Qd2 Qf6 18. Rb1 Be7 19. b3 O-O 20. Bb2 Qe6 21. e3
Ba8 22. Qe2 Bf6 23. Bxf6 Qxf6 24. Rd4 Rfe8 25. Rbd1 Qe6 26. Qd2 Kf8 27. Bxd5
Rxd5 28. Rxd5 Bxd5 29. Qxd5 Qe5 30. Qxe5 Rxe5 31. Rd6 a5 32. Ra6 b4 33. Ra7 Rc5
34. Kg2 g6 35. g4 g5 36. Kg3 h6 37. h3 Kg7 38. f4 Kg6 39. Kf3 gxf4 40. Kxf4 f6
41. h4 h5 42. Ra6 hxg4 43. Kxg4 Re5 44. Kf4 Rf5+ 45. Ke4 Rh5 46. Kd3 Rxh4 47.
Rxa5 f5 48. Rb5 Kg5 49. Rb8 Re4 50. Rg8+ Kf6 51. Rf8+ Kg5 52. Rd8 Rh4 53. Rd4
Rh2 54. Rxb4 Rxa2 55. Rb8 Ra3 56. Kd4 Ra6 57. Re8 Kg4 58. b4 Rb6 59. Kc5 Rb7
60. b5 Kf3 61. Kc6 Rh7 62. b6 Rh6+ 63. Kc7 f4 64. exf4 Kxf4 65. b7 Rh7+ 66. Kc8
1-0

[Event "championnat de ligue 2015"]
[Site "?"]
[Date "2015.05.02"]
[Round "4.6"]
[White "LACHENAL, Alex"]
[Black "JEANDARD, Christian"]
[Result "0-1"]
[WhiteElo "1570"]
[BlackElo "1170"]
[PlyCount "54"]

1. d4 d5 2. Nc3 Nf6 3. g3 e6 4. Bg2 c5 5. e4 dxe4 6. Nxe4 Nxe4 7. Bxe4 cxd4 8.
Ne2 Bc5 9. Qd3 Nc6 10. O-O h6 11. Nf4 e5 12. Nh5 g6 13. Qf3 Bd7 14. Nf6+ Kf8
15. Nxd7+ Qxd7 16. Bxg6 Re8 17. a3 Qe6 18. Re1 Qxg6 19. b4 Bb6 20. b5 Na5 21.
a4 Kg7 22. Qd5 Qf6 23. Re4 d3 24. Rg4+ Kf8 25. Ba3+ Re7 26. Qd6 Qxf2+ 27. Kh1
Qf3# 0-1

[Event "championnat de ligue 2015"]
[Site "?"]
[Date "2015.05.02"]
[Round "4.7"]
[White "LEMOINE, Jean-Claude"]
[Black "LEMOINE, Victor"]
[Result "1-0"]
[WhiteElo "1501"]
[BlackElo "1390"]
[PlyCount "81"]

1. e3 e5 2. Bc4 Nc6 3. a3 Nf6 4. Ba2 d5 5. Qe2 Be7 6. Nc3 Bf5 7. Qb5 Be6 8. Nf3
O-O 9. Qxb7 Na5 10. Qa6 Nc4 11. Bxc4 dxc4 12. Nxe5 Qd6 13. Qxd6 cxd6 14. Nc6
Rfe8 15. Nxe7+ Rxe7 16. Nb5 d5 17. Nd4 Bd7 18. O-O h6 19. a4 a6 20. b4 cxb3 21.
cxb3 Kh7 22. f3 Rae8 23. Bb2 Bc8 24. Rac1 Bb7 25. Nf5 Rd7 26. Bxf6 gxf6 27. Rc3
a5 28. Rfc1 Ba6 29. Rc7 Red8 30. Rxd7 Rxd7 31. Rc6 Bd3 32. Rxf6 Bxf5 33. Rxf5
Kg6 34. g4 d4 35. e4 d3 36. h4 Kg7 37. Rxa5 Rc7 38. Rd5 Rc1+ 39. Kf2 Rh1 40. h5
Rh2+ 41. Ke3 1-0